[Event "Chigorin Memorial"]
[Site "St Petersburg"]
[Date "2015.10.06"]
[Round "4.164"]
[White "Nochovniy, Vladimir"]
[Black "Gantsevich, Aleksey A"]
[Result "0-1"]
[WhiteElo "2018"]
[BlackElo "1845"]
[PlyCount "110"]
[EventDate "2015.10.03"]
[EventRounds "9"]
[EventCountry "RUS"]

1. d4 Nf6 2. Bf4 g6 3. Nf3 Bg7 4. e3 d6 5. Nbd2 Nh5 6. Bg5 Nd7 7. Be2 c6 8. a4
h6 9. Bh4 g5 10. Bg3 Nxg3 11. hxg3 a5 12. Nc4 Qc7 13. c3 Nf6 14. Bd3 Bg4 15.
Qc2 Bd7 16. e4 g4 17. Nfd2 e5 18. dxe5 dxe5 19. Ne3 Bf8 20. Nb3 Be6 21. Bc4 Bd7
22. Rd1 b5 23. axb5 cxb5 24. Bd5 Bc6 25. Bxc6+ Qxc6 26. Nd5 a4 27. Nxf6+ Qxf6
28. Qe2 Qc6 29. Nd2 h5 30. O-O Bc5 31. Nb1 Ke7 32. Rd5 f6 33. Rfd1 Rad8 34. Qd3
Rd6 35. Rxd6 Qxd6 36. Qe2 Qc6 37. Rd5 Rd8 38. Qd3 Rd6 39. Na3 Bxa3 40. bxa3
Rxd5 41. exd5 Qc5 42. Qh7+ Kd6 43. Qxh5 Qxc3 44. Qxg4 Qc1+ 45. Kh2 Qh6+ 46. Kg1
Kxd5 47. Qd1+ Kc5 48. Qc2+ Kb6 49. f4 Qf8 50. Qg6 Ka5 51. Qd3 Qc5+ 52. Kh2 Qd4
53. Qc2 Kb6 54. fxe5 Qxe5 55. Qc8 Qh5+ 0-1

[Event "Chigorin Memorial"]
[Site "St Petersburg"]
[Date "2015.10.06"]
[Round "4.165"]
[White "Levin, Evgeny"]
[Black "Kiseleva, Arina"]
[Result "1/2-1/2"]
[WhiteElo "1813"]
[BlackElo "1998"]
[PlyCount "120"]
[EventDate "2015.10.03"]
[EventRounds "9"]
[EventCountry "RUS"]

1. d4 d5 2. g3 c6 3. Bg2 Nf6 4. Nf3 Bg4 5. Ne5 Bf5 6. f3 Nbd7 7. Nd3 e6 8. c3
Be7 9. a4 a5 10. Na3 O-O 11. O-O Qb6 12. Nf2 e5 13. e3 Be6 14. f4 exf4 15. exf4
h5 16. Nc2 Ng4 17. h3 Nxf2 18. Rxf2 g6 19. g4 hxg4 20. hxg4 f5 21. Re2 c5 22.
Qe1 Ra6 23. g5 Rf7 24. Bf3 Rh7 25. Qf2 Nf8 26. Qg2 Qd8 27. Ne3 cxd4 28. cxd4
Rd6 29. Bd2 b6 30. Rc1 Qd7 31. b3 Bd8 32. Bc3 Rh4 33. Qg3 Qh7 34. Rh2 Rxh2 35.
Qxh2 Qc7 36. Bb2 Qf7 37. Qc2 Rd7 38. Qc6 Qh7 39. Ng2 Qh3 40. Qc3 Bc7 41. Ba3
Qg3 42. Qe3 Bf7 43. Bxf8 Kxf8 44. Re1 Bd6 45. Bd1 Qxe3+ 46. Rxe3 Rc7 47. Kf2
Rc1 48. Be2 Bb4 49. Bf3 Rc2+ 50. Re2 Rc3 51. Re3 Rc6 52. Be2 Bc3 53. Rd3 Ke7
54. Ne3 Kd6 55. Bf3 Bb4 56. Ke2 Rc8 57. Rd1 Rh8 58. Rh1 Rxh1 59. Bxh1 Bc3 60.
Kd3 Be1 1/2-1/2

[Event "Chigorin Memorial"]
[Site "St Petersburg"]
[Date "2015.10.06"]
[Round "4.166"]
[White "Tskhadadze, Anna"]
[Black "Matchenya, Ivan"]
[Result "1-0"]
[WhiteElo "1988"]
[BlackElo "1795"]
[PlyCount "153"]
[EventDate "2015.10.03"]
[EventRounds "9"]
[EventCountry "RUS"]

1. c4 Nf6 2. g3 e5 3. Bg2 c6 4. d4 exd4 5. Qxd4 d5 6. cxd5 cxd5 7. Nf3 Be7 8.
O-O O-O 9. Nc3 Nc6 10. Qa4 Be6 11. Rd1 a6 12. Nd4 Qd7 13. Nxc6 Qxc6 14. Qxc6
bxc6 15. e4 dxe4 16. Nxe4 Nd5 17. Bg5 f6 18. Bd2 Rac8 19. Nc3 Nb6 20. b3 Bc5
21. Ne4 Bd4 22. Bc3 Bxc3 23. Nxc3 Rfd8 24. Rxd8+ Rxd8 25. Ne4 a5 26. Re1 Kf7
27. Nc5 Bd5 28. Rc1 Ra8 29. a4 Ra7 30. Ne4 Ke6 31. Bh3+ Kf7 32. Nd6+ Ke7 33.
Nf5+ Kf7 34. Nd4 Ke8 35. Nxc6 Rc7 36. Re1+ Kf8 37. Nxa5 Ra7 38. b4 Nxa4 39. Rd1
Be4 40. Bg2 Bxg2 41. Kxg2 Ra6 42. Kf3 Rb6 43. Rd4 Nc3 44. Rc4 Nd5 45. Nc6 f5
46. Rc5 Nxb4 47. Rxf5+ Ke8 48. Nd4 Ke7 49. Ra5 Kf6 50. Ne2 Nc6 51. Ra2 Ne5+ 52.
Kg2 Rc6 53. h3 h6 54. Nf4 g6 55. Nd5+ Ke6 56. Ne3 h5 57. Re2 Kf7 58. f4 Nd7 59.
g4 hxg4 60. hxg4 Re6 61. Kf3 Nf6 62. Ra2 Re7 63. Nc4 Nd7 64. Rd2 Nc5 65. Ne5+
Kf6 66. Rd6+ Ne6 67. Kg3 Re8 68. Nxg6 Kxg6 69. Rxe6+ Rxe6 70. f5+ Kf6 71. fxe6
Kxe6 72. Kh4 Kf6 73. Kh5 Kg7 74. Kg5 Kh7 75. Kf6 Kg8 76. Kg6 Kf8 77. Kh7 1-0

[Event "Chigorin Memorial"]
[Site "St Petersburg"]
[Date "2015.10.06"]
[Round "4.167"]
[White "Kunin, Pavel"]
[Black "Shapar, Tatiana"]
[Result "1-0"]
[WhiteElo "1957"]
[BlackElo "1804"]
[PlyCount "63"]
[EventDate "2015.10.03"]
[EventRounds "9"]
[EventCountry "RUS"]

1. b3 e5 2. Bb2 Nc6 3. g3 d5 4. Bg2 f5 5. e3 Nf6 6. Ne2 Be6 7. d3 Be7 8. Nd2
O-O 9. a3 a5 10. O-O Qe8 11. c4 Rd8 12. Qc2 Qh5 13. Nf3 dxc4 14. bxc4 f4 15.
exf4 Bf5 16. Rad1 Bg4 17. fxe5 Ne8 18. Nfd4 Nxd4 19. Nxd4 Bxd1 20. Qxd1 Qxe5
21. Qa1 Qd6 22. Bd5+ Kh8 23. Ne6 c6 24. Bxg7+ Kg8 25. Nxd8+ cxd5 26. Bxf8 Bxf8
27. Nxb7 Qc7 28. Qb2 dxc4 29. dxc4 Ng7 30. c5 Ne6 31. Qb3 Qf7 32. c6 1-0

[Event "Chigorin Memorial"]
[Site "St Petersburg"]
[Date "2015.10.06"]
[Round "4.168"]
[White "Machlik, Edit"]
[Black "Shadunts, Kirill"]
[Result "1-0"]
[WhiteElo "1946"]
[BlackElo "1715"]
[PlyCount "79"]
[EventDate "2015.10.03"]
[EventRounds "9"]
[EventCountry "RUS"]

1. d4 d5 2. c4 e6 3. Nc3 Be7 4. cxd5 exd5 5. Bf4 Nf6 6. e3 c6 7. Bd3 Bd6 8. Bg5
h6 9. Bh4 Nbd7 10. Nf3 O-O 11. O-O Re8 12. Rb1 g5 13. Bg3 Bxg3 14. hxg3 Ne4 15.
Bxe4 dxe4 16. Nd2 f5 17. g4 Nf6 18. gxf5 b6 19. f3 Ba6 20. Re1 Bd3 21. Rc1 Qd7
22. Ndxe4 Bxe4 23. fxe4 Nxe4 24. Qd3 Nxc3 25. Rxc3 Kg7 26. e4 Rad8 27. Rd1 Rf8
28. g4 Qb7 29. e5 c5 30. d5 Rfe8 31. f6+ Kh8 32. Qe4 Rd7 33. e6 Rh7 34. Qe5 Kg8
35. f7+ Rxf7 36. exf7+ Qxf7 37. Qf5 Qg7 38. Rf3 Re2 39. Qf6 Qxf6 40. Rxf6 1-0

[Event "Chigorin Memorial"]
[Site "St Petersburg"]
[Date "2015.10.06"]
[Round "4.169"]
[White "Sakorenko, Adriana"]
[Black "Chekletsova, Darya"]
[Result "1-0"]
[WhiteElo "1935"]
[BlackElo "1495"]
[PlyCount "67"]
[EventDate "2015.10.03"]
[EventRounds "9"]
[EventCountry "RUS"]

1. e4 c5 2. Nf3 d6 3. c3 Nf6 4. Bd3 Nc6 5. h3 a6 6. a4 e6 7. O-O Be7 8. Bc2 Bd7
9. Re1 O-O 10. d4 cxd4 11. cxd4 Nb4 12. Bb3 Rc8 13. Nc3 Nc6 14. Ba2 Nb4 15. Bb1
Bc6 16. Be3 Qa5 17. Qd2 d5 18. e5 Nd7 19. Bg5 Bxg5 20. Nxg5 g6 21. Na2 Qd8 22.
Nxb4 Qa5 23. Nf3 Qd8 24. Qh6 Re8 25. Ng5 Nf8 26. Nc2 Bd7 27. Ne3 f6 28. Nxh7
Nxh7 29. Qxg6+ Kf8 30. Qh6+ Kg8 31. Bxh7+ Kf7 32. Bg6+ Kg8 33. Qh7+ Kf8 34.
Qf7# 1-0

[Event "Chigorin Memorial"]
[Site "St Petersburg"]
[Date "2015.10.06"]
[Round "4.170"]
[White "Pankova, Julia"]
[Black "Shakirova, Renata"]
[Result "1/2-1/2"]
[WhiteElo "1703"]
[BlackElo "1932"]
[PlyCount "118"]
[EventDate "2015.10.03"]
[EventRounds "9"]
[EventCountry "RUS"]

1. e4 c5 2. Nf3 d6 3. d4 cxd4 4. Qxd4 Nc6 5. Bb5 Bd7 6. Bxc6 Bxc6 7. Nc3 Nf6 8.
Bg5 e6 9. O-O-O Be7 10. Qd3 Qa5 11. h4 O-O 12. Nd4 Rfc8 13. f4 a6 14. Kb1 Be8
15. g4 Rc7 16. Bxf6 Bxf6 17. g5 Be7 18. f5 Bd7 19. Qg3 Rac8 20. f6 Bf8 21. h5
Qb4 22. Ka1 Rc4 23. Nb3 d5 24. g6 h6 25. gxf7+ Kxf7 26. fxg7 Bxg7 27. Rdf1+ Kg8
28. Rhg1 Qe7 29. Nd2 R4c5 30. Nf3 Kh8 31. Nh4 Be8 32. Ng6+ Bxg6 33. Qxg6 R8c7
34. e5 d4 35. Ne4 Rxe5 36. Nf6 Re1+ 37. Rxe1 Qxf6 38. Qxf6 Bxf6 39. Rxe6 Bg5
40. Kb1 Rd7 41. Rd1 Kg7 42. Rd3 Kf7 43. Re4 Bf6 44. c3 Rd5 45. cxd4 Rxh5 46.
Rd2 Rd5 47. Kc2 h5 48. Kd3 b5 49. Rc2 Rd6 50. Rh2 h4 51. Rf4 Kg6 52. Rhxh4 Bxh4
53. Rxh4 Kf5 54. Rh8 Rg6 55. Rf8+ Ke6 56. Ra8 Kd5 57. Rd8+ Kc6 58. Kc3 Rg3+ 59.
Kb4 Rg2 1/2-1/2

[Event "Chigorin Memorial"]
[Site "St Petersburg"]
[Date "2015.10.06"]
[Round "4.171"]
[White "Bagaeva, Maria"]
[Black "Toporkova, Sofia"]
[Result "0-1"]
[WhiteElo "1500"]
[BlackElo "1950"]
[PlyCount "52"]
[EventDate "2015.10.03"]
[EventRounds "9"]
[EventCountry "RUS"]

1. e4 c5 2. c3 b6 3. d4 Bb7 4. Bd3 Nf6 5. Qe2 Qc7 6. Nf3 cxd4 7. Nxd4 a6 8. O-O
e6 9. Nd2 d6 10. N2f3 Nbd7 11. Re1 h6 12. Bd2 Nc5 13. e5 dxe5 14. Nxe5 Nxd3 15.
Qxd3 O-O-O 16. Bf4 Nh5 17. Bg3 Bd6 18. Nef3 Nf4 19. Bxf4 Bxf4 20. g3 Bd6 21.
Rac1 Kb8 22. Qe3 e5 23. Nf5 Qc6 24. Rcd1 Bc7 25. N5h4 g5 26. Nxe5 Qh1# 0-1

[Event "Chigorin Memorial"]
[Site "St Petersburg"]
[Date "2015.10.06"]
[Round "4.172"]
[White "Popov, Alexei"]
[Black "Pettersen, Johan"]
[Result "0-1"]
[WhiteElo "1942"]
[BlackElo "1741"]
[PlyCount "62"]
[EventDate "2015.10.03"]
[EventRounds "9"]
[EventCountry "RUS"]

1. e4 e6 2. d4 d5 3. e5 c5 4. c3 Nc6 5. Nf3 Qb6 6. Be2 Nge7 7. b3 cxd4 8. cxd4
Nf5 9. Bb2 Bb4+ 10. Kf1 Bd7 11. h4 Rc8 12. g4 Nh6 13. Ng1 Be7 14. f4 f6 15. Kg2
fxe5 16. fxe5 O-O 17. Bf3 Qd8 18. Kg3 Nf7 19. Ne2 h5 20. Nf4 hxg4 21. Bxg4 Nh6
22. Nd2 Rxf4 23. Kxf4 Bxh4 24. Ne4 dxe4 25. Kxe4 Nb4 26. Rg1 Bc6+ 27. d5 Bxd5+
28. Ke3 Qg5+ 29. Ke2 Nxg4 30. Rc1 Qe3+ 31. Kf1 Nh2# 0-1

[Event "Chigorin Memorial"]
[Site "St Petersburg"]
[Date "2015.10.06"]
[Round "4.173"]
[White "Klimentiev, Sergey"]
[Black "Kokhnover, Ilya"]
[Result "0-1"]
[WhiteElo "1727"]
[BlackElo "1925"]
[PlyCount "60"]
[EventDate "2015.10.03"]
[EventRounds "9"]
[EventCountry "RUS"]

1. e4 c5 2. Nf3 e6 3. d4 cxd4 4. Nxd4 Nc6 5. Nc3 Qc7 6. a3 a6 7. Be2 Nf6 8. O-O
Be7 9. Kh1 b5 10. f4 d6 11. Bf3 Bb7 12. Be3 Nxd4 13. Qxd4 e5 14. Qd2 O-O 15.
Qf2 Qc4 16. Be2 Qc8 17. Bf3 Ng4 18. Qe2 Nxe3 19. Qxe3 Qc4 20. f5 Rac8 21. Rfd1
Rfd8 22. Rac1 h6 23. Nd5 Bxd5 24. Rxd5 Bg5 25. Qe1 Bxc1 26. Qxc1 Qxc2 27. Qa1
Qc1+ 28. Qxc1 Rxc1+ 29. Rd1 Rxd1+ 30. Bxd1 Rc8 0-1

[Event "Chigorin Memorial"]
[Site "St Petersburg"]
[Date "2015.10.06"]
[Round "4.174"]
[White "Nuritdinov, Nizomiddin"]
[Black "Lyubokhiner, Leonid M"]
[Result "1-0"]
[WhiteElo "1918"]
[BlackElo "1723"]
[PlyCount "69"]
[EventDate "2015.10.03"]
[EventRounds "9"]
[EventCountry "RUS"]

1. d4 d5 2. Nf3 Nf6 3. g3 e6 4. Bg2 c5 5. e3 Nc6 6. c3 cxd4 7. exd4 Bd6 8. O-O
O-O 9. Re1 b5 10. Ne5 Bb7 11. Bg5 b4 12. c4 dxc4 13. Nxc6 Bxc6 14. Bxc6 Rc8 15.
Bg2 h6 16. Be3 Nd5 17. Bxd5 exd5 18. Qg4 Qf6 19. a3 a5 20. Qh5 g5 21. Qg4 Kh7
22. axb4 axb4 23. Nd2 Qg6 24. Ra7 c3 25. bxc3 bxc3 26. Nf3 c2 27. Bc1 Rce8 28.
Ne5 Bxe5 29. dxe5 Kg8 30. Qd4 Qf5 31. Bb2 Qf3 32. e6 f6 33. Rc7 Qf5 34. e7 Rf7
35. Qa4 1-0

[Event "Chigorin Memorial"]
[Site "St Petersburg"]
[Date "2015.10.06"]
[Round "4.175"]
[White "Kashin, Yury"]
[Black "Aure, Anders Nilsson"]
[Result "1-0"]
[WhiteElo "1848"]
[BlackElo "1689"]
[PlyCount "117"]
[EventDate "2015.10.03"]
[EventRounds "9"]
[EventCountry "RUS"]

1. e4 c5 2. Bc4 e6 3. Nc3 Nc6 4. d3 Nf6 5. Bg5 Be7 6. Bxf6 Bxf6 7. Nge2 d5 8.
exd5 exd5 9. Bxd5 O-O 10. Bxc6 bxc6 11. O-O Rb8 12. Rb1 Qc7 13. Qd2 Ba6 14. b3
Rbd8 15. Ne4 Be7 16. Qc3 Qb6 17. N2g3 f5 18. Nh5 Rf7 19. Neg3 g6 20. Nf4 Bf6
21. Qd2 Qb4 22. Qxb4 cxb4 23. Rfe1 Bc3 24. Re6 Rf6 25. Rxf6 Bxf6 26. Re1 Kf7
27. Re2 Re8 28. Kf1 Rxe2 29. Nfxe2 Ke6 30. Ke1 Kd5 31. Kd2 c5 32. f4 Bb7 33.
Nf1 Kd6 34. Ne3 Ke6 35. g3 Bf3 36. c4 Kd6 37. Nc2 Bc6 38. d4 a5 39. d5 Bd7 40.
Ne1 Be8 41. Nd3 Bd7 42. Ng1 Bc3+ 43. Kc2 Bf6 44. Nf3 Be8 45. Ng5 Bxg5 46. fxg5
Bd7 47. Kd2 a4 48. Ke3 Be8 49. Kf4 Bd7 50. h4 Be8 51. Ne5 a3 52. Nd3 Bf7 53. g4
fxg4 54. Kxg4 Be8 55. Kf4 Bd7 56. Nf2 Bf5 57. Ne4+ Ke7 58. Ke5 Kf7 59. Nd6+ 1-0

[Event "Chigorin Memorial"]
[Site "St Petersburg"]
[Date "2015.10.06"]
[Round "4.176"]
[White "Chechetko, Georgy"]
[Black "Shugalei, Mikhail"]
[Result "1-0"]
[WhiteElo "1827"]
[BlackElo "1663"]
[PlyCount "77"]
[EventDate "2015.10.03"]
[EventRounds "9"]
[EventCountry "RUS"]

1. e4 c5 2. Nc3 Nc6 3. g3 Nf6 4. Bg2 e6 5. Nge2 d6 6. O-O e5 7. d3 Be7 8. Nd5
Nxd5 9. exd5 Nd4 10. c3 Nxe2+ 11. Qxe2 O-O 12. Be3 Bg5 13. Rae1 b6 14. Bxg5
Qxg5 15. f4 exf4 16. Rxf4 Bd7 17. Qe7 Qxe7 18. Rxe7 Bb5 19. c4 Ba4 20. b3 Be8
21. Bh3 g6 22. Rf6 Rd8 23. Rxa7 Kg7 24. Rf2 b5 25. Re2 b4 26. Ree7 Kf6 27. Kf2
Ra8 28. Ke3 h5 29. d4 g5 30. dxc5 Rxa7 31. Rxa7 g4 32. Bg2 dxc5 33. Rc7 Ke5 34.
Rxc5 f5 35. Rc8 h4 36. c5 Rh8 37. d6 hxg3 38. hxg3 Rh2 39. Rxe8+ 1-0

[Event "Chigorin Memorial"]
[Site "St Petersburg"]
[Date "2015.10.06"]
[Round "4.177"]
[White "Gantsevich, Dmitry"]
[Black "Mednik, Boris"]
[Result "1-0"]
[WhiteElo "1818"]
[BlackElo "1648"]
[PlyCount "75"]
[EventDate "2015.10.03"]
[EventRounds "9"]
[EventCountry "RUS"]

1. Nf3 d5 2. d4 Nf6 3. c4 e6 4. g3 Be7 5. Bg2 c6 6. O-O O-O 7. Qc2 Nbd7 8. Nbd2
Bd6 9. e4 dxe4 10. Nxe4 Nxe4 11. Qxe4 Nf6 12. Qc2 Re8 13. Ne5 c5 14. Nf3 cxd4
15. Nxd4 e5 16. Nf5 Bxf5 17. Qxf5 Qc7 18. Bg5 Be7 19. b3 h6 20. Be3 Nd7 21.
Rfd1 Rad8 22. Rd2 Bb4 23. Rd3 Nc5 24. Rd5 Rxd5 25. Bxd5 b6 26. Rd1 Ne6 27. Be4
Bc5 28. Qh7+ Kf8 29. Bc1 Rd8 30. Bd5 Qd7 31. Rd3 Ke7 32. Qf5 f6 33. Qg6 Qe8 34.
Qg4 Qd7 35. Rd2 Ng5 36. Qh5 Kf8 37. h4 Ne6 38. Bxe6 1-0

[Event "Chigorin Memorial"]
[Site "St Petersburg"]
[Date "2015.10.06"]
[Round "4.178"]
[White "Lapin, Nikita"]
[Black "Fokin, Anatoly"]
[Result "1-0"]
[WhiteElo "1641"]
[BlackElo "1817"]
[PlyCount "96"]
[EventDate "2015.10.03"]
[EventRounds "9"]
[EventCountry "RUS"]

1. e4 d6 2. d4 Nf6 3. Nc3 e5 4. dxe5 dxe5 5. Qxd8+ Kxd8 6. Bg5 Be6 7. O-O-O+
Kc8 8. Nf3 Nbd7 9. Be2 Be7 10. a3 a6 11. Rhe1 h6 12. Bh4 g5 13. Bg3 Bd6 14. Nd2
b5 15. b4 Nb6 16. Kb2 Kb7 17. Nb3 Nfd7 18. Na5+ Kc8 19. Nc6 f6 20. f3 Nb8 21.
Nxb8 Rxb8 22. Nd5 Nxd5 23. exd5 Bf5 24. Bd3 Bxd3 25. Rxd3 Kd7 26. Kb3 Rb7 27.
c3 a5 28. Ra1 h5 29. Bf2 f5 30. Bc5 g4 31. Rf1 f4 32. Rg1 Rg8 33. Rdd1 Rbb8 34.
Rb1 Rg6 35. Rbd1 Rbg8 36. Bf2 Rh8 37. h3 Rhg8 38. hxg4 hxg4 39. c4 bxc4+ 40.
Kxc4 axb4 41. axb4 gxf3 42. gxf3 Rg2 43. Kc3 R8g7 44. Rdf1 Bf8 45. Rh1 c6 46.
dxc6+ Kxc6 47. Rh6+ Kb5 48. Rb6+ Ka4 1-0

[Event "Chigorin Memorial"]
[Site "St Petersburg"]
[Date "2015.10.06"]
[Round "4.179"]
[White "Montolio Benedicto, Cesar"]
[Black "Tsyrendashiev, Bato"]
[Result "0-1"]
[WhiteElo "1816"]
[BlackElo "1631"]
[PlyCount "40"]
[EventDate "2015.10.03"]
[EventRounds "9"]
[EventCountry "RUS"]

1. e4 e5 2. Nf3 Nc6 3. Bb5 f5 4. Nc3 Nf6 5. Qe2 fxe4 6. Nxe4 d5 7. Nxe5 dxe4 8.
Nxc6 bxc6 9. Bxc6+ Bd7 10. Bxa8 Qxa8 11. O-O Be7 12. Re1 O-O 13. Qc4+ Kh8 14.
d3 Bd6 15. dxe4 Ng4 16. Be3 Bxh2+ 17. Kh1 Be5 18. Bd4 Qe8 19. Bxe5 Qxe5 20. g3
Qh5+ 0-1

[Event "Chigorin Memorial"]
[Site "St Petersburg"]
[Date "2015.10.06"]
[Round "4.180"]
[White "Hyoetylae, Tapio"]
[Black "Pogorelskikh, Sofia"]
[Result "1/2-1/2"]
[WhiteElo "1803"]
[BlackElo "1616"]
[PlyCount "157"]
[EventDate "2015.10.03"]
[EventRounds "9"]
[EventCountry "RUS"]

1. d4 Nf6 2. c4 g6 3. Nc3 Bg7 4. e4 d6 5. Bd3 O-O 6. Nge2 Nc6 7. O-O e5 8. d5
Nd4 9. Nxd4 exd4 10. Nb5 c5 11. dxc6 bxc6 12. Nxd4 Re8 13. Re1 Qb6 14. Nb3 Ng4
15. Qc2 a5 16. c5 dxc5 17. Qxc5 Qxc5 18. Nxc5 Bd4 19. Re2 Bxc5 20. Bf4 Bb7 21.
Rc1 Ba7 22. h3 Ne5 23. Bb1 Rad8 24. Bg3 Nd3 25. Rc3 Nc5 26. Kh2 Ne6 27. Ra3 Nd4
28. Re1 Bc5 29. Rd3 Ba6 30. Rdd1 Bb4 31. Rh1 Ne2 32. Bc7 Rxd1 33. Rxd1 Rc8 34.
Be5 Be7 35. Rd7 Kf8 36. Ra7 Bb5 37. b3 f6 38. Bb2 Nf4 39. Bc1 Ne6 40. Rxa5 Bd6+
41. g3 Nc7 42. Kg2 Na6 43. Ba3 Bxa3 44. Rxa3 Ra8 45. Kf3 Nc7 46. Rxa8+ Nxa8 47.
Ke3 Ke7 48. Kd4 Kd6 49. f4 c5+ 50. Kc3 Nc7 51. b4 Bf1 52. bxc5+ Kxc5 53. h4
Nb5+ 54. Kd2 Kd4 55. Bc2 Nd6 56. e5 fxe5 57. fxe5 Kxe5 58. Ke3 Nf5+ 59. Kf2 Bc4
60. a4 Nd4 61. Bb1 Bb3 62. a5 Bc4 63. h5 Nf5 64. g4 Ne7 65. hxg6 Nxg6 66. Ke3
Ba6 67. Bc2 Nf8 68. Bb1 h6 69. Kf3 Ne6 70. Kg3 Ng7 71. Kh4 Kf4 72. Bc2 Be2 73.
Bb1 Bxg4 74. a6 Bf3 75. a7 Nf5+ 76. Bxf5 Kxf5 77. a8=Q Bxa8 78. Kh5 Bf3+ 79.
Kxh6 1/2-1/2

[Event "Chigorin Memorial"]
[Site "St Petersburg"]
[Date "2015.10.06"]
[Round "4.184"]
[White "Khatenever, Feliks"]
[Black "Muradyan, Asya"]
[Result "1-0"]
[WhiteElo "1767"]
[BlackElo "1501"]
[PlyCount "97"]
[EventDate "2015.10.03"]
[EventRounds "9"]
[EventCountry "RUS"]

1. d4 Nf6 2. e3 g6 3. Nf3 Bg7 4. Bd3 d6 5. O-O O-O 6. c4 Nbd7 7. Nc3 Re8 8. b4
e5 9. Be2 e4 10. Ng5 h6 11. Nh3 c5 12. bxc5 dxc5 13. Nf4 cxd4 14. exd4 Nb6 15.
Be3 Bd7 16. c5 Nc8 17. Qb3 Ne7 18. Bc4 Rf8 19. h3 g5 20. Nfe2 b6 21. Rad1 Rb8
22. Qc2 Bc6 23. cxb6 axb6 24. Ng3 b5 25. Bb3 Re8 26. Ncxe4 Nxe4 27. Nxe4 Rc8
28. Qd3 Bxe4 29. Qxe4 Ng6 30. Qxg6 Re7 31. Qd3 b4 32. Rc1 Rb8 33. d5 Rd7 34.
Rfd1 Bf8 35. Qf5 Rbb7 36. Bc2 f6 37. Qg6+ Rg7 38. Qf5 Rbf7 39. d6 Kh8 40. Bb3
Rd7 41. h4 Rh7 42. Be6 Rxd6 43. Rxd6 Qxd6 44. Qxf6+ Rg7 45. Qxh6+ Rh7 46. Qf6+
Rg7 47. Bxg5 Qe7 48. Qh6+ Rh7 49. Bf6+ 1-0

[Event "Chigorin Memorial"]
[Site "St Petersburg"]
[Date "2015.10.06"]
[Round "4.185"]
[White "Biyachuev, Minkail"]
[Black "Lemeshev, Roman"]
[Result "0-1"]
[WhiteElo "1437"]
[BlackElo "1763"]
[PlyCount "88"]
[EventDate "2015.10.03"]
[EventRounds "9"]
[EventCountry "RUS"]

1. e4 e5 2. d4 exd4 3. Bc4 Nc6 4. Nf3 Nf6 5. Bg5 Be7 6. e5 Ng4 7. Bf4 Bb4+ 8.
Nbd2 O-O 9. h3 Ngxe5 10. Nxe5 Nxe5 11. Be2 Ng6 12. Bg3 Qg5 13. a3 Ba5 14. b4
Bb6 15. Nf3 Qf6 16. O-O a6 17. h4 Nf4 18. Bxf4 Qxf4 19. g3 Qf6 20. Ng5 h6 21.
Ne4 Qg6 22. Bf3 f5 23. h5 Qf7 24. Nd2 d5 25. Re1 Be6 26. Nb3 Qf6 27. Qd3 f4 28.
g4 Qg5 29. Rxe6 c6 30. Nxd4 Qh4 31. Rae1 Rac8 32. Re7 Rb8 33. Qg6 Bxd4 34. R1e2
Qg3+ 35. Kf1 Qxf3 36. Qe6+ Kh8 37. Rd2 Bc3 38. Qg6 Rg8 39. Rd3 Qh1+ 40. Ke2
Qe1+ 41. Kf3 Qxe7 42. Rxc3 Rgf8 43. Qd3 Rbe8 44. Qd1 Qe4# 0-1

[Event "Chigorin Memorial"]
[Site "St Petersburg"]
[Date "2015.10.06"]
[Round "4.186"]
[White "Ismagilov, Damir"]
[Black "Prishibilovich, Matvei"]
[Result "1/2-1/2"]
[WhiteElo "1753"]
[BlackElo "1409"]
[PlyCount "144"]
[EventDate "2015.10.03"]
[EventRounds "9"]
[EventCountry "RUS"]

1. Nf3 d5 2. d4 Nf6 3. e3 Bf5 4. c4 e6 5. Nc3 h6 6. Qb3 b6 7. Bd2 Be7 8. Be2
O-O 9. O-O Nbd7 10. cxd5 exd5 11. Nxd5 Nxd5 12. Qxd5 Be6 13. Qc6 Nf6 14. Qc2 c5
15. dxc5 Bxc5 16. Rfd1 Rc8 17. Bc3 Qe7 18. Ba6 Rc7 19. Be5 Rd7 20. Rxd7 Bxd7
21. Bd4 Ne4 22. Nd2 Bxd4 23. exd4 Nxd2 24. Qxd2 Re8 25. Bd3 Bc6 26. Rc1 Qb7 27.
Re1 Rf8 28. Bf1 Bd5 29. a3 Rc8 30. Rc1 Re8 31. Qc3 Kh8 32. h3 Be6 33. Qg3 Qd5
34. Qf4 Rd8 35. Rd1 Rd7 36. Qb8+ Kh7 37. Bd3+ g6 38. Qf4 Qb3 39. Rd2 Bc4 40.
Be4 Bd5 41. Bc2 Qc4 42. h4 Qc6 43. Qg3 Be4 44. Bd1 Qc1 45. Qc3 Qxc3 46. bxc3
Rc7 47. f3 Bb1 48. d5 Rxc3 49. d6 Rc8 50. d7 Rd8 51. Ba4 h5 52. g4 hxg4 53.
fxg4 f5 54. Rd6 Ba2 55. gxf5 gxf5 56. Rd2 Bc4 57. Bc6 Kg7 58. Kf2 Be6 59. Kf3
Kf7 60. Kf4 Ke7 61. Ke5 Bxd7 62. Bxd7 Rxd7 63. Rxd7+ Kxd7 64. Kxf5 Ke7 65. Ke5
b5 66. h5 Kf7 67. Kd5 a5 68. Kc5 b4 69. axb4 axb4 70. Kxb4 Kg7 71. Kc5 Kh6 72.
Kd6 Kxh5 1/2-1/2

[Event "Chigorin Memorial"]
[Site "St Petersburg"]
[Date "2015.10.07"]
[Round "5.2"]
[White "Lugovskoy, Maxim"]
[Black "Sandipan, Chanda"]
[Result "0-1"]
[WhiteElo "2470"]
[BlackElo "2567"]
[PlyCount "82"]
[EventDate "2015.10.03"]
[EventRounds "9"]
[EventCountry "RUS"]
[WhiteClock "0:29:00"]
[BlackClock "0:26:39"]

1. e4 c5 2. Nf3 d6 3. d4 cxd4 4. Nxd4 Nf6 5. Nc3 a6 6. Bc4 e6 7. Bb3 Nbd7 8.
Bg5 Nc5 9. f4 Be7 10. Qf3 Qc7 11. O-O-O Bd7 12. Rhe1 O-O 13. Kb1 Bc6 14. f5
Nfxe4 15. Bxe7 Nxc3+ 16. Qxc3 Qxe7 17. fxe6 f5 18. Ne2 Nxb3 19. Qxb3 Rae8 20.
Nf4 Be4 21. g4 Qh4 22. Rf1 Kh8 23. g5 Rc8 24. Rd2 Qxg5 25. h4 Qxh4 26. Qb4 Rfe8
27. Ka1 Qf6 28. a3 Qe5 29. Rh2 Kg8 30. Qb3 Re7 31. Qh3 g5 32. Nh5 Qxe6 33. Rg1
g4 34. Qh4 Rf7 35. Qg5+ Qg6 36. Qe3 d5 37. Nf4 Qd6 38. Rh5 d4 39. Qg3 Rg7 40.
Rf1 Bxc2 41. Rfh1 Rc3 0-1

[Event "Chigorin Memorial"]
[Site "St Petersburg"]
[Date "2015.10.07"]
[Round "5.3"]
[White "Rozum, Ivan"]
[Black "Abdusattorov, Nodirbek"]
[Result "1/2-1/2"]
[WhiteElo "2547"]
[BlackElo "2432"]
[PlyCount "113"]
[EventDate "2015.10.03"]
[EventRounds "9"]
[EventCountry "RUS"]
[WhiteClock "0:11:14"]
[BlackClock "0:38:46"]

1. d4 Nf6 2. c4 e6 3. Nc3 Bb4 4. e3 O-O 5. Nge2 d5 6. a3 Be7 7. cxd5 exd5 8.
Nf4 Re8 9. Bd3 Bd6 10. O-O Bxf4 11. exf4 Nc6 12. Be3 Ne7 13. Re1 Nf5 14. Bxf5
Bxf5 15. f3 h5 16. Bf2 Rxe1+ 17. Qxe1 Qd6 18. Qe5 Qd7 19. Qe2 Re8 20. Qd2 Qd6
21. h3 Bd7 22. g4 hxg4 23. hxg4 Nh7 24. f5 g6 25. fxg6 Qxg6 26. Re1 c6 27.
Rxe8+ Bxe8 28. Be3 Bd7 29. Ne2 f5 30. g5 b6 31. Nc1 Qh5 32. Qg2 Qh4 33. Nd3 f4
34. Bf2 Qxg5 35. Nxf4 Qxg2+ 36. Kxg2 Nf8 37. Kg3 Kf7 38. Be3 Ng6 39. Nd3 a5 40.
Bf4 Bf5 41. Nf2 b5 42. Bc7 a4 43. Ng4 Ke6 44. Ba5 Bxg4 45. fxg4 Kf6 46. Bd8+
Ke6 47. Bh4 Kd6 48. g5 c5 49. dxc5+ Kxc5 50. Kg4 d4 51. Be1 d3 52. Kf5 Nf8 53.
Ke4 Kc4 54. Bd2 Ng6 55. Bc3 Nf8 56. Ke3 Ng6 57. Ke4 1/2-1/2

[Event "Chigorin Memorial"]
[Site "St Petersburg"]
[Date "2015.10.07"]
[Round "5.4"]
[White "Alekseenko, Kirill"]
[Black "Savitskiy, Sergey"]
[Result "1-0"]
[WhiteElo "2539"]
[BlackElo "2333"]
[PlyCount "45"]
[EventDate "2015.10.03"]
[EventRounds "9"]
[EventCountry "RUS"]
[WhiteClock "0:24:01"]
[BlackClock "0:14:36"]

1. e4 c5 2. Nf3 Nc6 3. d4 cxd4 4. Nxd4 Qb6 5. Nb3 Nf6 6. Nc3 e6 7. Bd3 a6 8.
Be3 Qc7 9. f4 d6 10. Qf3 b5 11. O-O b4 12. Nd1 Bb7 13. Nf2 Be7 14. Qh3 O-O 15.
g4 Rfe8 16. g5 Nd7 17. Ng4 Nf8 18. f5 exf5 19. exf5 Bc8 20. Qg2 Bd8 21. Nf6+
Bxf6 22. gxf6 g6 23. Qg5 1-0